| 000 | 00000nam##2200000za#4500 |
| 001 | 9.574534 |
| 003 | CaOODSP |
| 005 | 20210624184229 |
| 007 | cr ||||||||||| |
| 008 | 150406|2006||||xxc|||||o f|0| 0 eng|d |
| 040 | |aCaOODSP|beng |
| 043 | |an-cn--- |
| 086 | 1 |aTU3-5/06-34E-PDF |
| 110 | 2 |aTransportation Safety Board of Canada. |
| 245 | 10|aLoss of cabin pressure - Air Canada Jazz Canadair CL600-2B19 C-FSJJ, Fredericton Airport, New Brunswick, 100 nm NW, 03 November 2006 |h[electronic resource] |
| 260 | |aGatineau - Quebec : |bTransportation Safety Board of Canada |c2008. |
| 300 | |a6p. |
| 490 | 1 |aAviation investigation report |vA06A0115 |
| 500 | |a"The Board authorized the release of this report on 13 March 2008" --p.6. |
| 590 | |a12-33-Supp|b2012-07-18 |
| 775 | 08|tPerte de pression cabine du Canadair CL600-2B19 C-FSJJ, exploité par Air Canada Jazz à 100 nm au nord-ouest de l'aéroport de Fredericton (Nouveau-Brunswick), le 3 novembre 2006 |w(CaOODSP)9.604278 |
| 830 | #0|aAviation investigation report ;|vA06A0115|w(CaOODSP)9.504825 |
| 856 | 40|ahttp://publications.gc.ca|qPDF|s145 KB|uhttps://publications.gc.ca/collections/collection_2012/bst-tsb/TU3-5-06-34-eng.pdf|yA06A0115 |